| 000 | 01074nam a2200265Ia 4500 | ||
|---|---|---|---|
| 003 | OSt | ||
| 005 | 20220923211204.0 | ||
| 006 | a|||||r|||| 00| 0 | ||
| 007 | ta | ||
| 008 | 220922b |||||||| |||| 00| 0 hin d | ||
| 020 | _a8190217739 (hbk) | ||
| 024 | _a235,641 | ||
| 037 | _cTextual | ||
| 040 |
_aARTS _cARTS _bhin |
||
| 041 |
_2hin _ahin |
||
| 082 | _aO15,1LJA:g, 152P6 | ||
| 100 |
_aशर्मा, मन्जु कुमारी _9159327 |
||
| 245 | 0 | _aपण्डित जगन्नाथ का व्यक्तित्व एवं कृतित्व | |
| 246 | _aPaṇḍit jagannāth kā vyaktitva evan kṛutitva | ||
| 260 |
_aदिल्ली _b ज्योति इन्टरप्राइजिज _c2006 |
||
| 300 |
_a215पृ. _ccm. |
||
| 490 | _aकालिदास संस्कृत संगीत कला एकेडमी ग्रन्थमाला सं. 14 | ||
| 942 |
_hO15,1LJA:g, 152P6 _cTEXL _2CC |
||
| 999 |
_c296549 _d296549 |
||